Music Quiz

Random Music or The Beatles Quiz
Score 0/32 Timer 06:00
1 Play Today
Member Answer % Correct
John LennonCynthia Powell, Yoko Ono
94.3%
John LennonLiverpool
93.6%
Paul McCartneyLiverpool
93.6%
George HarrisonLiverpool
93.6%
Ringo StarrLiverpool
93.6%
Ringo StarrDrums
93.1%
Paul McCartneyBass Guitar
92.7%
John Lennon1940 (Oct. 9)
89.7%
Ringo Starr1940 (July 7)
89.7%
Paul McCartney1942 (June 18)
88.3%
George Harrison1943 (Feb. 25)
87.6%
John Lennon1980 (December 8)
86.1%
Paul McCartneyLinda Eastman, Heather Mills, Nancy Shevell
80.3%
George HarrisonLead Guitar
75.6%
Paul McCartneyWings
75.6%
George Harrison2001 (November 29)
71.1%
Member Answer % Correct
George HarrisonLung Cancer
71%
Paul McCartneyLive and Let Die
67.4%
John LennonRhythm Guitar
59.5%
Ringo StarrRichard Starkey
58.1%
Ringo StarrPete Best
56.4%
John LennonJulian and Sean
44%
George HarrisonMy Sweet Lord
42.2%
Ringo StarrMaureen Tigrett, Barbara Bach
40.5%
George HarrisonPattie Boyd, Olivia Arias
31.7%
John Lennon(Just Like) Starting Over
14.8%
Ringo StarrYou're Sixteen
11.9%
John LennonMilk and Honey
11.6%
Paul McCartneySay Say Say
10%
Paul McCartneyNew
9.5%
George HarrisonBrainwashed
6.9%
Ringo StarrWhat's My Name
3.2%
Remove Ads.
Support Sporcle.
Get the best of Sporcle when you Go Orange. This ad-free experience offers more features, more stats, and more fun while also helping to support Sporcle. Thank you for becoming a member.

You're not logged in!

Compare scores with friends on all Sporcle quizzes.
OR
Log In

Show Comments

Extras

Top Quizzes Today


Score Distribution

Your Account Isn't Verified!

In order to create a playlist on Sporcle, you need to verify the email address you used during registration. Go to your Sporcle Settings to finish the process.

Report this User

Report this user for behavior that violates our Community Guidelines.

Details: